000 00885pam a2200289 a 4500
001 013688830
003 OSt
005 20150408113958.0
008 111213s2009 enk 000 1 eng d
020 _a9780199555635
040 _aStDuBDS
_beng
_cMU
042 _aukblcatcopy
082 0 4 _a823.4 J H E
_222
100 1 _aJames, Henry,
_d1843-1916.
245 1 4 _aThe Europeans :
_ba sketch /
_cHenry James.
250 _aNew ed. /
_bedited by Andrew Taylor.
260 _aLondon :
_bPenguin,
_c2008.
300 _axxxviii, 179 p. ;
_c20 cm.
490 1 _aPenguin classics
500 _aFormerly CIP.
_5Uk
650 0 _aEuropeans
_zUnited States
_vFiction.
_98300
651 0 _aUnited States
_xSocial life and customs
_vFiction.
700 1 _aTaylor, Andrew,
_d1968-
_98301
830 0 _aPenguin classics
_98302
942 _2ddc
_cDVD
999 _c19715
_d254215